Liedtext: Herbert Grönemeyer - Ich dreh mich um dich - Statistiken

Allgemein
  • Dieses Quiz wurde 4 mal gespielt
  • Das Durchschnittsergebnis liegt bei 131 aus 254
Antwortstatistiken
Textquiz % Korrekt
dich
100%
dreh
100%
Ich
100%
ich
100%
mich
100%
um
100%
alle
67%
Alle
67%
alles
67%
Auch
67%
dein
67%
Deine
67%
deine
67%
den
67%
der
67%
die
67%
du
67%
es
67%
nicht
67%
und
67%
Wenn
67%
wenn
67%
Blick
33%
bösen
33%
bring
33%
dir
33%
durch
33%
fischst
33%
Gemüt
33%
greinst
33%
haderst
33%
im
33%
in
33%
kasteist
33%
Nacht
33%
sich
33%
sind
33%
Stell
33%
stell
33%
Tränen
33%
tropft
33%
Trüben
33%
übernehmen
33%
verdunkelt
33%
vor
33%
werde
33%
Aus
0%
aus
0%
Beseitige
0%
durchs
0%
Erpressung
0%
Feuer
0%
find
0%
Fluch
0%
Foltern
0%
fühlst
0%
für
0%
geh'
0%
Geheimnisse
0%
Himmel
0%
Hölle
0%
jedem
0%
jeden
0%
jeder
0%
kannst
0%
keiner
0%
Kompass
0%
Labyrinth
0%
löscht
0%
löse
0%
lots
0%
Marterpfahl
0%
neben
0%
nur
0%
Qualen
0%
raus
0%
Schneid'
0%
schneid'
0%
Sinne
0%
Tal
0%
tiefste
0%
überstehen
0%
vergeben
0%
verloren
0%
verraten
0%
verschwimmen
0%
verzweifelst
0%
vom
0%
Was
0%
weiß
0%
zeigt
0%
zerreißt
0%
Keine übereinstimmenden Quizze gefunden
Verteilung der Resultate
Anzahl Personen mit jedem Resultat
Perzentil nach korrekt beantworteten Fragen
Ihre Resultats-Entwicklung
Sie haben dieses Quiz noch nicht gespielt